000 01053cam a22003137a 4500
003 CHAP
005 20220329133126.0
008 971013s1991 r 00010 d
010 _a2431
011 _a3403
035 _a2603
040 _cCHAP
090 _aFolleto 9821 (1990)
100 0 0 _aGlaz, B.
_948260
245 0 _aEvaluation of new canal point sugarcane clones
_b: 1990-91 harvest season
260 _aCanal Point, Fl. :
_bDepartment of Agriculture. Agricultual Research Service,
_c1991
300 _a26 p
590 _aBATCH-UPD
_b10
_c20130110
_lUCH01
_h0311
590 _aBATCH-UPD
_b10
_c20130110
_lUCH01
_h1518
590 _aBATCH-UPD
_b10
_c20130409
_lUCH01
_h2343
590 _aBATCH-UPD
_b10
_c20130914
_lUCH01
_h0834
590 _aCONVERSION
_b10
_c20130109
_lUCH01
_h1303
650 1 4 _aCaña de azúcar
_xHíbridos.
_918613
650 1 4 _aCaña de azúcar
_xVariedades resistentes a enfermedades.
_918663
650 1 4 _aClones.
_923894
901 _aBK
942 _cFOLL
949 _aFolleto 9821 (1990)
_bBC
_cFOLL
_d-12107
_eTS1
_i2603
_mD
_si
999 _c2431
_d2431